000 00227 a2200097 4500
001 48754
100 _aGlasfard
245 _aFundamentals of television engg
260 _aNew Delhi
_bTata McGraw-Hill
_c
090 _c31655
_d31655
942 _aNUST-CAE
_cM
_c24064
999 _c283827
_d283827